Central Library and Information Centre
Sibsagar Girls' College, Sivasagar : Assam

AN ANTHOLOGY OF ENGLISH PROSE & POETRY (For H.S.Course) (Record no. 10247)

MARC details
000 -LEADER
fixed length control field 00571cam a2200205ua 4500
008 - FIXED-LENGTH DATA ELEMENTS--GENERAL INFORMATION
fixed length control field 160304n2009 II |||gr||||Z||||||eng
040 ## - CATALOGING SOURCE
Original cataloging agency MAIN
041 ## - LANGUAGE CODE
-- English
082 ## - DEWEY DECIMAL CLASSIFICATION NUMBER
Classification number 820 EDI
100 ## - MAIN ENTRY--PERSONAL NAME
Personal name EDITORIAL BOARD.
245 ## - TITLE STATEMENT
Title AN ANTHOLOGY OF ENGLISH PROSE & POETRY (For H.S.Course)
250 ## - EDITION STATEMENT
Edition statement 2ND.
260 ## - PUBLICATION, DISTRIBUTION, ETC.
Place of publication, distribution, etc. GUWAHATI:
Name of publisher, distributor, etc. ASSAM BOOK HIVE,
Date of publication, distribution, etc. 2008.
300 ## - PHYSICAL DESCRIPTION
Extent 231:
Dimensions 20CM.
500 ## - GENERAL NOTE
General note Transferred to Sanaskriti Junior College,SGC
700 ## - ADDED ENTRY--PERSONAL NAME
Personal name EDITORIAL BOARD.,
Relator term Author.
942 ## - ADDED ENTRY ELEMENTS (KOHA)
Koha item type Books
653 ## - INDEX TERM--UNCONTROLLED
Uncontrolled term English.& Old English literatures
Holdings
Withdrawn status Lost status Damaged status Not for loan Collection code Home library Current library Shelving location Date acquired Full call number Barcode Date last seen Copy number Price effective from Koha item type
Withdrawn       TBENG Central Library and Information Centre Sibsagar Girls College Central Library and Information Centre Sibsagar Girls College English Rack 04.02.1984 820 EDI 08927 27.02.2020 1 27.02.2020 Books


Sibsagar Girl's College © 2020. All rights reserved.
Powered by Koha.
Maintained by Abhijit Borpuzari.